000
00219 a2200097 4500
001
48316
100
_a
Bond, J.E
245
_a
The rules of riot
260
_a
New Jersay
_b
Princeton univ press
_c
090
_c
31266
_d
31266
942
_a
NUST-CAE
_c
M
_c
23632
999
_c
283389
_d
283389